00408nam a2200133Ia 450000500170000000800410001702000180005808200130007610000200008924500960010926000380020594200120024399900190025520250516145652.0250516s9999 xx 000 0 und d a9780996635592 a302bCAI aCaillé, Alain 0aGift Paradigm: A Short Introduction To The Anti-Utilitarian Movement In The Social Sciences bUniversity of Chicago Pressc2020 cENGLISH c571140d571140